Science - Elements and Metals - Statistics

General Stats
  • This quiz has been taken 155 times
  • The average score is 6 of 11
Answer Stats
Hint Answer % Correct
Diamond is an allotropic form of carbon
90%
Inert gas which is substituted for nitrogen in the air used by deep sea divers for breating helium
78%
Galvanized iron sheets have a coating of... zinc
71%
What is laughing gas? nitrous oxide
60%
Soda water contains this gas carbon dioxide
58%
Gas usually filled in the electric bulb is nitrogen
57%
What is the lightest metal? lithium
46%
The most important ore of aluminum is bauxite
39%
Marsh gas is methane
34%
In fireworks the green flame is produced by barium
11%
Permanent hardness in water may be removed by the addition of sodium carbonate
6%
No matching quizzes found
Score Distribution
Percent of People with Each Score
Percentile by Number Answered
Your Score History
You have not taken this quiz